| 000 | 00649nam a2200205 u 4500 | ||
|---|---|---|---|
| 005 | 20240228064032.0 | ||
| 008 | 111107s2003 r 000 0 eng d | ||
| 020 | _a842054034X | ||
| 035 | _aUPN01000182440 | ||
| 049 | _aI | ||
| 050 | 4 |
_aPZ78 _bB3.2a |
|
| 100 | 1 |
_aBaquedano Azcona, Lucía, _d1938- _934546 |
|
| 245 | 1 | 4 |
_aLas botas de diez por uno / _cLucía Baquedano ; il. de Violeta Monreal. |
| 260 |
_aMadrid : _bPearson Alhambra, _cc2003. |
||
| 300 |
_a70 p. : _bil. |
||
| 440 | 0 |
_aPearson educación ; _v15. _p+ 8 años |
|
| 650 | 4 |
_aLibros y lectura para niños _92290 |
|
| 650 | 4 |
_aLiteratura infantil española _95892 |
|
| 905 | _aInfantil | ||
| 999 |
_c154543 _d154543 |
||